[Event "56th World U20 ch"]
[Site "Tarvisio ITA"]
[Date "2017.11.24"]
[Round "10.72"]
[White "Lumachi, Gabriele"]
[Black "Vangsgard, Bjarke"]
[Result "1-0"]
[WhiteElo "2111"]
[BlackElo "1987"]
[EventDate "2017.11.13"]
[PlyCount "73"]

1.e4 c6 2.d4 d5 3.exd5 cxd5 4.c4 e6 5.Nf3 Nf6 6.Nc3 Be7 7.c5 O-O 8.Bf4 Nc6
9.Bb5 Ne4 10.O-O Nxc3 11.bxc3 Qa5 12.Qb3 Bd7 13.Bxc6 Bxc6 14.Ne5 Ba4 15.
Qxb7 Bf6 16.Qb4 Qa6 17.Nf3 Bc2 18.a4 Bd3 19.Rfe1 h6 20.h3 g5 21.Bd6 Rfd8 
22.Ne5 Bxe5 23.Rxe5 Rd7 24.Qb2 Rb7 25.Qd2 Qc4 26.h4 Rb3 27.Rc1 Kh7 28.hxg5
Rg8 29.Qf4 Bg6 30.Re3 Bf5 31.gxh6 f6 32.Rg3 Rxg3 33.Qxg3 Bg6 34.Be7 f5 35.
Qe5 Kxh6 36.Qh8+ Bh7 37.Bf8+ 1-0

[Event "56th World U20 ch"]
[Site "Tarvisio ITA"]
[Date "2017.11.24"]
[Round "10.73"]
[White "Valente, Joao Nuno Baptista"]
[Black "Posocco, Dennis"]
[Result "1-0"]
[WhiteElo "1897"]
[BlackElo "1564"]
[EventDate "2017.11.13"]
[PlyCount "85"]

1.c4 e5 2.Nc3 Nf6 3.g3 Bc5 4.Bg2 d6 5.d3 Nc6 6.Nf3 h6 7.O-O Be6 8.Na4 Bb6 
9.b3 Qd7 10.Nxb6 axb6 11.d4 exd4 12.Nxd4 Bh3 13.Bb2 Bxg2 14.Kxg2 Ne4 15.
Nxc6 Qxc6 16.f3 Ng5 17.Bxg7 Rh7 18.Bf6 Qd7 19.Qd5 c6 20.Qd4 Qe6 21.e4 c5 
22.Qb2 Kd7 23.Rad1 Kc7 24.e5 Rg8 25.Rxd6 Qh3+ 26.Kg1 Ne6 27.Rfd1 h5 28.Qd2
Nd4 29.Rxd4 cxd4 30.Qxd4 h4 31.Qd6+ Kc8 32.Qxb6 Rhh8 33.Rd5 Rxg3+ 34.hxg3 
Qxg3+ 35.Kf1 Qxf3+ 36.Ke1 Qc3+ 37.Ke2 Qc2+ 38.Ke3 Qc3+ 39.Ke4 Qe1+ 40.Kd3 
Qf1+ 41.Kc3 Qe1+ 42.Kb2 Qf2+ 43.Qxf2 1-0

[Event "56th World U20 ch"]
[Site "Tarvisio ITA"]
[Date "2017.11.25"]
[Round "11.1"]
[White "Van Foreest, Jorden"]
[Black "Tari, Aryan"]
[Result "1/2-1/2"]
[WhiteElo "2616"]
[BlackElo "2581"]
[EventDate "2017.11.13"]
[PlyCount "107"]

1.e4 e5 2.Nf3 Nc6 3.Bc4 Bc5 4.c3 Nf6 5.d3 d6 6.a4 a5 7.O-O h6 8.Be3 Bxe3 
9.fxe3 O-O 10.Nbd2 Ne7 11.Nh4 Bg4 12.Qe1 Be6 13.Bxe6 fxe6 14.d4 Qe8 15.Qe2
Qc6 16.Qd3 d5 17.exd5 exd5 18.dxe5 Ng4 19.Nhf3 Qe6 20.Qb5 b6 21.e4 Nxe5 
22.Nxe5 Qxe5 23.Nf3 Qe6 24.exd5 Qxd5 25.Nd4 Rxf1+ 26.Rxf1 Rd8 27.Qe2 Rd7 
28.Qg4 Kh7 29.Rf7 Qxf7 30.Qxd7 c5 31.Nc6 Qd5 32.Qxd5 Nxd5 33.Ne5 Kg8 34.
Kf2 Kf8 35.Kf3 Ke7 36.Nc4 Ke6 37.Ke4 Nf6+ 38.Kd3 Nd7 39.Ne3 Ne5+ 40.Ke4 g6
41.Nd5 Nc4 42.Nf4+ Kd6 43.b3 Nd2+ 44.Kd3 g5 45.Kxd2 gxf4 46.g3 fxg3 47.
hxg3 h5 48.c4 Ke5 49.Ke3 Kf5 50.Kf3 Kg5 51.Kf2 Kg4 52.Kg2 Kf5 53.Kf3 Kg5 
54.Kf2 1/2-1/2

[Event "56th World U20 ch"]
[Site "Tarvisio ITA"]
[Date "2017.11.25"]
[Round "11.2"]
[White "Xu Xiangyu"]
[Black "Aravindh, Chithambaram"]
[Result "0-1"]
[WhiteElo "2543"]
[BlackElo "2572"]
[EventDate "2017.11.13"]
[PlyCount "76"]

1.d4 Nf6 2.c4 Nc6 3.Nf3 e6 4.Nc3 Bb4 5.Bd2 O-O 6.Qc2 d6 7.a3 Bxc3 8.Bxc3 
Qe7 9.e3 e5 10.d5 Nb8 11.Be2 Bg4 12.Rd1 a5 13.b3 Nbd7 14.h3 Bh5 15.Nh4 
Bxe2 16.Nf5 Qe8 17.Kxe2 Nc5 18.a4 Nfe4 19.Be1 g6 20.Nh4 f5 21.f3 Ng5 22.g3
Qe7 23.Bc3 c6 24.g4 Nge4 25.fxe4 Qxh4 26.exf5 gxf5 27.gxf5 Ne4 28.Rdf1 
cxd5 29.Qd3 Kh8 30.Kd1 Nf2+ 31.Rxf2 Qxf2 32.Rf1 Qg2 33.c5 Rac8 34.Bxa5 
Rxc5 35.Bd2 Rfc8 36.f6 e4 37.Qe2 Rc1+ 38.Bxc1 Rxc1+ 0-1

[Event "56th World U20 ch"]
[Site "Tarvisio ITA"]
[Date "2017.11.25"]
[Round "11.3"]
[White "Alexeenko, Kiril"]
[Black "Petrosian, Manuel"]
[Result "0-1"]
[WhiteElo "2563"]
[BlackElo "2554"]
[EventDate "2017.11.13"]
[PlyCount "66"]

1.e4 e5 2.Nf3 Nc6 3.Bb5 Nf6 4.d3 Bc5 5.Bxc6 dxc6 6.O-O Nd7 7.Nbd2 O-O 8.
Nc4 Re8 9.Bd2 Bf8 10.b4 f6 11.Nh4 c5 12.a3 Nb6 13.Na5 Rb8 14.Qe2 Be6 15.
Rfd1 Qd7 16.Be1 Red8 17.c4 a6 18.g3 Na4 19.Ng2 cxb4 20.axb4 c5 21.Qc2 b5 
22.Ne3 cxb4 23.Nd5 Rdc8 24.Bxb4 Bxd5 25.Bxf8 Bf7 26.Bb4 Bh5 27.Re1 bxc4 
28.Qxa4 Qxa4 29.Rxa4 cxd3 30.Bd2 Rc2 31.Nc4 Bf7 32.Nxe5 fxe5 33.Be3 Bh5 
0-1

[Event "56th World U20 ch"]
[Site "Tarvisio ITA"]
[Date "2017.11.25"]
[Round "11.4"]
[White "Svane, Rasmus"]
[Black "Praggnanandhaa, R."]
[Result "1/2-1/2"]
[WhiteElo "2587"]
[BlackElo "2509"]
[EventDate "2017.11.13"]
[PlyCount "64"]

1.Nf3 Nf6 2.c4 e6 3.Nc3 d5 4.d4 dxc4 5.e4 Bb4 6.Bxc4 Nxe4 7.O-O Nxc3 8.
bxc3 Be7 9.Ne5 O-O 10.Qg4 Nc6 11.Re1 f5 12.Qf3 Nxe5 13.Rxe5 Kh8 14.Re1 c5 
15.Bf4 cxd4 16.Rad1 Bf6 17.cxd4 Re8 18.h3 a6 19.Be5 Bxe5 20.Rxe5 Qc7 21.
Qe2 b5 22.Bxe6 Bxe6 23.Rxe6 Rxe6 24.Qxe6 Qc2 25.Re1 h6 26.Qd5 Rc8 27.g3 f4
28.gxf4 Qg6+ 29.Kf1 Qd3+ 30.Kg2 Qg6+ 31.Kf1 Qd3+ 32.Kg2 Qg6+ 1/2-1/2

[Event "56th World U20 ch"]
[Site "Tarvisio ITA"]
[Date "2017.11.25"]
[Round "11.5"]
[White "Karthikeyan, Murali"]
[Black "Zanan, Evgeny"]
[Result "1-0"]
[WhiteElo "2578"]
[BlackElo "2471"]
[EventDate "2017.11.13"]
[PlyCount "89"]

1.Nf3 Nf6 2.g3 c5 3.Bg2 Nc6 4.O-O e5 5.e4 d6 6.Nc3 g6 7.d3 Bg7 8.Nd2 Bg4 
9.f3 Be6 10.f4 Bg4 11.Nf3 Nd4 12.Qd2 Bxf3 13.Bxf3 exf4 14.gxf4 Nxf3+ 15.
Rxf3 O-O 16.Qg2 d5 17.e5 Ne8 18.Bd2 f5 19.h4 d4 20.Ne2 Nc7 21.h5 Qd5 22.
Kf2 Kf7 23.hxg6+ hxg6 24.Rg1 Qc6 25.Rg3 Qxg2+ 26.R3xg2 Ne6 27.Rxg6 Rae8 
28.c3 Rg8 29.cxd4 cxd4 30.Kf3 Rh8 31.Be1 Rh3+ 32.R6g3 Rh2 33.Bf2 Bh6 34.
Rg6 Rh3+ 35.R1g3 Rxg3+ 36.Rxg3 Rc8 37.Rh3 Kg6 38.Nxd4 Nxd4+ 39.Bxd4 Rd8 
40.Rg3+ Kh5 41.Ke3 Kh4 42.Rg6 Bxf4+ 43.Kxf4 Rxd4+ 44.Kxf5 Rxd3 45.e6 1-0

[Event "56th World U20 ch"]
[Site "Tarvisio ITA"]
[Date "2017.11.25"]
[Round "11.6"]
[White "Lomasov, Semen"]
[Black "Liu Yan"]
[Result "1/2-1/2"]
[WhiteElo "2490"]
[BlackElo "2422"]
[EventDate "2017.11.13"]
[PlyCount "65"]

1.d4 Nf6 2.Bg5 Ne4 3.Bf4 d5 4.e3 Bf5 5.Bd3 e6 6.f3 Nd6 7.Nc3 Bxd3 8.Qxd3 
c6 9.Nge2 Nd7 10.e4 Be7 11.O-O O-O 12.Kh1 Nc4 13.b3 Na3 14.Rad1 b5 15.Bc1 
a5 16.Ng3 Nb6 17.exd5 exd5 18.Nf5 Re8 19.Ne2 Bf8 20.Neg3 b4 21.Rde1 Nd7 
22.Rxe8 Qxe8 23.Qd2 g6 24.Bxa3 bxa3 25.Nh6+ Bxh6 26.Qxh6 a4 27.b4 Qf8 28.
Qxf8+ Kxf8 29.Kg1 Rb8 30.c3 Nb6 31.Kf2 Nc4 32.Ne2 Re8 33.Rd1 1/2-1/2

[Event "56th World U20 ch"]
[Site "Tarvisio ITA"]
[Date "2017.11.25"]
[Round "11.7"]
[White "Kobo, Ori"]
[Black "Sorokin, Alexei"]
[Result "0-1"]
[WhiteElo "2460"]
[BlackElo "2483"]
[EventDate "2017.11.13"]
[PlyCount "88"]

1.e4 c6 2.d4 d5 3.e5 Bf5 4.h4 h5 5.Bd3 Bxd3 6.Qxd3 e6 7.Bg5 Be7 8.Nf3 Nh6 
9.Bxh6 Rxh6 10.Nbd2 Nd7 11.c3 c5 12.g3 Rh8 13.O-O c4 14.Qe3 g6 15.b3 b5 
16.Rfb1 Kf8 17.a4 a6 18.bxc4 bxc4 19.Qf4 Ra7 20.Ra2 Kg7 21.Rab2 Qa5 22.Rb7
Rxb7 23.Rxb7 Qxa4 24.Ng5 Bxg5 25.Qxg5 Qc6 26.Ra7 Ra8 27.Rxa8 Qxa8 28.Qe7 
Nf8 29.g4 hxg4 30.h5 Nh7 31.hxg6 Kxg6 32.Qh4 Kg7 33.Nf1 Kh8 34.Ng3 Qg8 35.
Qe7 Qg6 36.Qb7 Ng5 37.Kg2 Nh3 38.Qb8+ Kg7 39.Qd8 Qg5 40.Qb8 Nf4+ 41.Kg1 
Qh4 42.Kf1 Qh3+ 43.Ke1 Nd3+ 44.Ke2 Qh2 0-1

[Event "56th World U20 ch"]
[Site "Tarvisio ITA"]
[Date "2017.11.25"]
[Round "11.8"]
[White "Gagare, Shardul"]
[Black "Oparin, Grigory"]
[Result "1/2-1/2"]
[WhiteElo "2482"]
[BlackElo "2606"]
[EventDate "2017.11.13"]
[PlyCount "68"]

1.d4 f5 2.g3 Nf6 3.Bg2 g6 4.Nf3 Bg7 5.O-O O-O 6.b3 d6 7.Bb2 c6 8.c4 Na6 9.
Nbd2 e5 10.dxe5 Nd7 11.e4 f4 12.c5 Nxe5 13.Nxe5 dxe5 14.Nc4 Be6 15.Nxe5 
Nxc5 16.Qc2 Qe7 17.Rac1 Nd7 18.Nxd7 Bxd7 19.Rfe1 Bxb2 20.Qxb2 Rae8 21.b4 
h5 22.e5 h4 23.Re4 Be6 24.Rxf4 Rxf4 25.gxf4 h3 26.Bf1 Qh4 27.Rc3 Qxf4 28.
Bxh3 Bxh3 29.Rxh3 Rxe5 30.Qb3+ Kg7 31.Qc3 Qg4+ 32.Rg3 Qd1+ 33.Kg2 Qd5+ 34.
Kg1 Qd1+ 1/2-1/2

[Event "56th World U20 ch"]
[Site "Tarvisio ITA"]
[Date "2017.11.25"]
[Round "11.10"]
[White "Bai Jinshi"]
[Black "Livaic, Leon"]
[Result "1-0"]
[WhiteElo "2553"]
[BlackElo "2470"]
[EventDate "2017.11.13"]
[PlyCount "81"]

1.d4 e6 2.c4 Nf6 3.g3 d5 4.Bg2 Bb4+ 5.Nd2 O-O 6.Nf3 c5 7.O-O cxd4 8.Nxd4 
Nc6 9.N2f3 Bc5 10.Nxc6 bxc6 11.b3 a5 12.Bb2 a4 13.Qc2 Qb6 14.e3 axb3 15.
axb3 Rxa1 16.Rxa1 h6 17.Ne5 Nd7 18.Nd3 Be7 19.b4 Bf6 20.Bxf6 Nxf6 21.cxd5 
cxd5 22.Qc5 Qb8 23.b5 Rd8 24.Ra7 Rd7 25.b6 Rb7 26.Rxb7 Bxb7 27.Qb5 Qe8 28.
Qa5 Nd7 29.Nc5 Nxc5 30.Qxc5 Qc6 31.Qa5 Qc1+ 32.Bf1 d4 33.exd4 Qc6 34.d5 
exd5 35.Ba6 Qc1+ 36.Kg2 Bc6 37.b7 d4+ 38.Kh3 Qb1 39.Qd8+ Kh7 40.b8=Q Qf5+ 
41.g4 1-0

[Event "56th World U20 ch"]
[Site "Tarvisio ITA"]
[Date "2017.11.25"]
[Round "11.11"]
[White "Kevlishvili, Robby"]
[Black "Sarana, Alexei"]
[Result "0-1"]
[WhiteElo "2445"]
[BlackElo "2543"]
[EventDate "2017.11.13"]
[PlyCount "116"]

1.e4 d6 2.Nf3 Nf6 3.Nc3 e5 4.d4 Nbd7 5.Bc4 Be7 6.a4 O-O 7.O-O c6 8.Re1 a5 
9.h3 Nb6 10.Bb3 Nfd7 11.Be3 exd4 12.Nxd4 Nc5 13.Qf3 Nxb3 14.cxb3 Nd7 15.
Rad1 Ne5 16.Qe2 f6 17.f4 Nf7 18.Bf2 Re8 19.Qc4 Bf8 20.Rd2 Bd7 21.Rde2 Qc7 
22.Nd5 Qd8 23.Nc3 Rc8 24.Bh4 Qb6 25.Kh1 Qc5 26.Bf2 Qb4 27.Qd3 Qb6 28.Ne6 
Qxb3 29.Nxf8 Rxf8 30.e5 fxe5 31.fxe5 Be6 32.exd6 Bc4 33.Qg3 Bxe2 34.Bd4 g6
35.Rxe2 Rcd8 36.Re7 Qb4 37.Qe3 Qxd6 38.Bc5 Qd3 39.Qe6 Qf1+ 40.Kh2 Qf4+ 41.
Kg1 b5 42.Qxc6 b4 43.Nd5 Rc8 44.Nf6+ Kg7 45.Rxf7+ Rxf7 46.Qxc8 Qxf6 47.Be3
Qxb2 48.Qc5 Qb1+ 49.Kh2 Qf5 50.Bd4+ Kh6 51.Be3+ g5 52.Qc1 Qe5+ 53.Kh1 Qc3 
54.Bxg5+ Kg6 55.Qd1 Kxg5 56.Qg4+ Kf6 57.Qf4+ Ke6 58.Qe4+ Kd6 0-1

[Event "56th World U20 ch"]
[Site "Tarvisio ITA"]
[Date "2017.11.25"]
[Round "11.12"]
[White "Lobanov, Sergei"]
[Black "Tran Tuan Minh"]
[Result "0-1"]
[WhiteElo "2435"]
[BlackElo "2538"]
[EventDate "2017.11.13"]
[PlyCount "94"]

1.e4 c5 2.Nf3 d6 3.d4 cxd4 4.Nxd4 Nf6 5.Nc3 a6 6.Be2 e5 7.Nb3 Be7 8.Be3 
Be6 9.Nd5 Nbd7 10.Qd3 O-O 11.O-O-O Bxd5 12.exd5 Rc8 13.Kb1 Nb6 14.Bf3 Nc4 
15.Bc1 Nd7 16.h4 f5 17.Be2 a5 18.g4 a4 19.Nd2 e4 20.Qh3 Nxd2+ 21.Bxd2 Bf6 
22.gxf5 Qb6 23.Qa3 Qxf2 24.Bb5 Ne5 25.Qe3 Qxf5 26.Rhf1 Nf3 27.Bb4 Qe5 28.
Qa3 Rfd8 29.Ba5 Rf8 30.Bb4 Rfd8 31.Ba5 b6 32.Bxb6 Rf8 33.Be3 Rb8 34.c4 Rb7
35.h5 Rfb8 36.Rf2 Qxh5 37.Qxd6 Nd4 38.Rg1 Be5 39.Qa6 Nxb5 40.cxb5 Rxb5 41.
Qe6+ Kh8 42.Bc1 Bd4 43.Rc2 h6 44.Rc8+ Rxc8 45.Qxc8+ Kh7 46.Rf1 Rc5 47.Qa6 
Qh2 0-1

[Event "56th World U20 ch"]
[Site "Tarvisio ITA"]
[Date "2017.11.25"]
[Round "11.13"]
[White "Zhao Yuanhe"]
[Black "Triapishko, Alexander"]
[Result "0-1"]
[WhiteElo "2377"]
[BlackElo "2508"]
[EventDate "2017.11.13"]
[PlyCount "82"]

1.d4 Nf6 2.c4 g6 3.Nc3 d5 4.Nf3 Bg7 5.g3 O-O 6.Bg2 dxc4 7.O-O c6 8.a4 a5 
9.e4 Bg4 10.h3 Bxf3 11.Bxf3 e5 12.dxe5 Nfd7 13.e6 fxe6 14.Bg4 Nc5 15.Qe2 
h5 16.Qxc4 hxg4 17.Qxc5 gxh3 18.Be3 Na6 19.Qc4 Qf6 20.f4 Nb4 21.Rad1 Qf7 
22.Kh2 e5 23.Qxf7+ Rxf7 24.Kxh3 Nc2 25.Bb6 Nd4 26.Bxd4 exd4 27.Ne2 c5 28.
e5 b5 29.axb5 Rb8 30.b3 Rxb5 31.Nc1 Bf8 32.Rd3 a4 33.bxa4 Rb1 34.Rfd1 Rd7 
35.Nb3 Rxd1 36.Rxd1 c4 37.Nxd4 Bc5 38.Rb1 Bxd4 39.Rb8+ Kf7 40.Rc8 c3 41.
Rc6 Rd5 0-1

[Event "56th World U20 ch"]
[Site "Tarvisio ITA"]
[Date "2017.11.25"]
[Round "11.14"]
[White "Narayanan, Sunilduth Lyna"]
[Black "Bilguun, Sumiya"]
[Result "1-0"]
[WhiteElo "2585"]
[BlackElo "2460"]
[EventDate "2017.11.13"]
[PlyCount "51"]

1.d4 d5 2.c4 e6 3.Nf3 c6 4.e3 Nf6 5.Nc3 Nbd7 6.Qc2 Bd6 7.Bd3 O-O 8.O-O 
dxc4 9.Bxc4 a6 10.a4 Qe7 11.h3 c5 12.dxc5 Bxc5 13.e4 Qd6 14.Qe2 Ne5 15.Rd1
Qc7 16.Bf4 Nxf3+ 17.Qxf3 Bxf2+ 18.Qxf2 Qxc4 19.Bd6 Re8 20.Rd4 Qc6 21.e5 
Nd5 22.Rf1 Qd7 23.Nxd5 exd5 24.Rf4 Qe6 25.Rxf7 h6 26.Bf8 1-0

[Event "56th World U20 ch"]
[Site "Tarvisio ITA"]
[Date "2017.11.25"]
[Round "11.15"]
[White "Salomon, Johan"]
[Black "Donchenko, Alexander"]
[Result "0-1"]
[WhiteElo "2476"]
[BlackElo "2567"]
[EventDate "2017.11.13"]
[PlyCount "108"]

1.Nf3 Nf6 2.g3 b6 3.Bg2 Bb7 4.O-O g6 5.c4 Bg7 6.d4 O-O 7.d5 Ne4 8.Qc2 f5 
9.Nc3 Nxc3 10.bxc3 c6 11.Rd1 cxd5 12.cxd5 Na6 13.Bg5 Qe8 14.d6 exd6 15.
Rxd6 Rc8 16.Qd1 Nc5 17.Rc1 Rc7 18.Bf4 Rc8 19.Ng5 Bxg2 20.Kxg2 Kh8 21.h4 
Rf6 22.Qd5 Qg8 23.c4 Qxd5+ 24.Rxd5 Re8 25.e3 Rc6 26.h5 Kg8 27.hxg6 hxg6 
28.Rcd1 Bf6 29.Nf3 Re4 30.Nd2 Re8 31.Nf3 Ne4 32.Rxd7 g5 33.Rc7 Rxc7 34.
Bxc7 Rc8 35.Rd7 Nc5 36.Rd6 Be7 37.Rc6 Na6 38.Nd4 Rxc7 39.Nxf5 Bf8 40.Nd4 
Kf7 41.Kf3 Bc5 42.Kg4 Bxd4 43.Rxc7+ Nxc7 44.exd4 Kf6 45.f4 Ne6 46.fxg5+ 
Kg6 47.d5 Nxg5 48.Kf4 Kf6 49.g4 a6 50.a3 Nf7 51.Ke4 Ke7 52.a4 a5 53.Ke3 
Ne5 54.Kd4 Kd6 0-1

[Event "56th World U20 ch"]
[Site "Tarvisio ITA"]
[Date "2017.11.25"]
[Round "11.16"]
[White "Christiansen, Johan-Sebastian"]
[Black "Boruchovsky, Avital"]
[Result "1/2-1/2"]
[WhiteElo "2468"]
[BlackElo "2565"]
[EventDate "2017.11.13"]
[PlyCount "33"]

1.e4 e5 2.Nf3 Nc6 3.Bc4 Nf6 4.d3 Be7 5.O-O O-O 6.Re1 d6 7.a4 Na5 8.Ba2 c5 
9.Nbd2 Be6 10.c3 Nc6 11.Bxe6 fxe6 12.Qb3 Qd7 13.Ng5 Nd8 14.Ngf3 Nc6 15.Ng5
Nd8 16.Ngf3 Nc6 17.Ng5 $11 1/2-1/2

[Event "56th World U20 ch"]
[Site "Tarvisio ITA"]
[Date "2017.11.25"]
[Round "11.17"]
[White "Vaibhav, Suri"]
[Black "Van Foreest, Lucas"]
[Result "0-1"]
[WhiteElo "2560"]
[BlackElo "2474"]
[EventDate "2017.11.13"]
[PlyCount "64"]

1.Nf3 d5 2.g3 Nf6 3.Bg2 e6 4.O-O Be7 5.c4 O-O 6.Ne5 Nbd7 7.d4 c6 8.Nc3 
Nxe5 9.dxe5 Nd7 10.cxd5 cxd5 11.f4 b6 12.e4 Ba6 13.exd5 Bxf1 14.Qxf1 exd5 
15.Nxd5 Rc8 16.Bd2 b5 17.Kh1 Nb6 18.Ba5 Qe8 19.Bxb6 axb6 20.f5 Bc5 21.Re1 
b4 22.Qf4 Kh8 23.h4 Rg8 24.Bf3 Qa4 25.a3 Qb3 26.axb4 Bf2 27.Rf1 Rc4 28.
Rxf2 Rxf4 29.gxf4 Qd3 30.Kg2 Rd8 31.Ne7 Rd4 32.Kg3 Qe3 0-1

[Event "56th World U20 ch"]
[Site "Tarvisio ITA"]
[Date "2017.11.25"]
[Round "11.18"]
[White "Liang, Awonder"]
[Black "Dragnev, Valentin"]
[Result "1-0"]
[WhiteElo "2558"]
[BlackElo "2461"]
[EventDate "2017.11.13"]
[PlyCount "93"]

1.Nf3 d5 2.g3 g6 3.Bg2 Bg7 4.O-O e5 5.c4 dxc4 6.Na3 e4 7.Ne1 Nf6 8.Nxc4 
O-O 9.d3 Re8 10.Bg5 exd3 11.Nxd3 Nc6 12.Rc1 h6 13.Bd2 Nd4 14.Be3 Ng4 15.
Bxd4 Qxd4 16.e3 Qd8 17.h3 Nf6 18.Nc5 Rb8 19.Qxd8 Rxd8 20.Rfd1 Re8 21.Na5 
c6 22.Ncxb7 Bxb7 23.Nxb7 Rxb7 24.Bxc6 Reb8 25.Bxb7 Rxb7 26.b3 Ne4 27.Rd8+ 
Kh7 28.Rdc8 a5 29.R8c7 Rxc7 30.Rxc7 Kg8 31.Rc8+ Kh7 32.Rc4 f5 33.Kg2 Bf8 
34.f3 Nf6 35.e4 fxe4 36.fxe4 Kg8 37.Kf3 Nd7 38.Rc7 Nc5 39.Ra7 Bd6 40.Rxa5 
Kf7 41.b4 Nd3 42.b5 Ne5+ 43.Ke2 Nd7 44.Ra7 Ke6 45.a4 Bxg3 46.a5 Kd6 47.a6 
1-0

[Event "56th World U20 ch"]
[Site "Tarvisio ITA"]
[Date "2017.11.25"]
[Round "11.19"]
[White "Gomez Sanchez, Jorge Marcos"]
[Black "Shevchenko, Kirill"]
[Result "0-1"]
[WhiteElo "2426"]
[BlackElo "2550"]
[EventDate "2017.11.13"]
[PlyCount "134"]

1.e4 c5 2.Ne2 d6 3.g3 d5 4.Bg2 dxe4 5.Nbc3 Nf6 6.Nxe4 Nxe4 7.Bxe4 Nc6 8.
O-O g6 9.d3 Bg7 10.c3 e5 11.Be3 Qd6 12.Qb3 O-O 13.Qb5 Rd8 14.Bxc5 Qc7 15.
Rac1 Bd7 16.Rfe1 Rac8 17.Be3 Na5 18.Qc5 Qxc5 19.Bxc5 Rxc5 20.b4 f5 21.Bg2 
Rc7 22.bxa5 Bb5 23.c4 Bc6 24.Red1 Rcd7 25.Rb1 e4 26.Nf4 Ba4 27.Rf1 Bc2 28.
Rb5 exd3 29.Bd5+ Kh8 30.Ng2 a6 31.Rb6 Bd4 32.Ne3 Bxb6 33.axb6 Rd6 34.Nxc2 
dxc2 35.Rc1 Rxb6 36.Rxc2 Re8 37.Kg2 Kg7 38.h4 Rb1 39.Rd2 b5 40.cxb5 axb5 
41.Bb3 Re7 42.Kf3 Kh6 43.Rd5 Rb2 44.g4 fxg4+ 45.Kxg4 Rxf2 46.Rxb5 Re4+ 47.
Kg3 Rff4 48.h5 Rf5 49.Rb7 Re3+ 50.Kg4 Ref3 51.Rb4 g5 52.Rb6+ Rf6 53.Rxf6+ 
Rxf6 54.a4 Rf4+ 55.Kg3 Rb4 56.Bd1 Rd4 57.Bc2 Rc4 58.Bd1 Rc1 59.Be2 Ra1 60.
Bb5 Kxh5 61.Be8+ Kh6 62.Kg4 Rf1 63.Bd7 Kg6 64.Be8+ Kf6 65.Kg3 Re1 66.Bb5 
h5 67.a5 Re3+ 0-1

[Event "56th World U20 ch"]
[Site "Tarvisio ITA"]
[Date "2017.11.25"]
[Round "11.20"]
[White "Ladva, Ottomar"]
[Black "Nikitenko, Mikhail"]
[Result "0-1"]
[WhiteElo "2543"]
[BlackElo "2376"]
[EventDate "2017.11.13"]
[PlyCount "178"]

1.Nf3 Nf6 2.b3 d5 3.Bb2 Bg4 4.e3 e6 5.c4 Nbd7 6.Be2 Bd6 7.O-O c6 8.d4 O-O 
9.Nbd2 Qc7 10.h3 Bh5 11.Rc1 a5 12.a3 Rae8 13.c5 Be7 14.b4 axb4 15.axb4 b6 
16.Qc2 Ra8 17.Ra1 Qb7 18.Bc3 Rxa1 19.Rxa1 Ra8 20.Rxa8+ Qxa8 21.Bf1 Bxf3 
22.gxf3 b5 23.f4 g6 24.Bd3 Nh5 25.Nf3 f5 26.Ne5 Nxe5 27.fxe5 Bg5 28.Kf1 
Kf7 29.Ke2 Bh4 30.Qb2 Qa7 31.Kd1 Ke8 32.Kc1 Kd8 33.Kb1 Kc8 34.Be1 Bd8 35.
Qb3 Qe7 36.Qa2 Qb7 37.Qe2 Qa6 38.Kb2 Bg5 39.Qf3 Qa7 40.Be2 Bh6 41.Qg2 Qd7 
42.Kb3 Kb8 43.f4 Bf8 44.Bh4 Qa7 45.Kb2 Qf7 46.Qg5 Qe8 47.Bxh5 gxh5 48.Qg8 
h6 49.Qh7 Qc8 50.Qf7 Ka8 51.Bf6 Kb8 52.Qxh5 Qd7 53.Qg6 Kb7 54.Kc3 Ka7 55.
Kd2 Kb7 56.Ke2 Ka7 57.Kf2 Kb7 58.Qg8 Qe8 59.Bg7 Qh5 60.Bxf8 Qd1 61.Qg1 
Qd2+ 62.Kf3 h5 63.Kg3 Qxb4 64.Kh4 Qa5 65.Bd6 Qd8+ 66.Qg5 Kc8 67.Be7 Qe8 
68.Qg7 b4 69.Bd6 Qd7 70.Be7 b3 71.Qg8+ Kb7 72.Bd6 Qc8 73.Qf7+ Ka6 74.Qxh5 
Qd8+ 75.Kg3 Kb5 76.e4 Qa5 77.Qd1 Qc3+ 78.Kh4 fxe4 79.f5 Qf3 80.Qc1 Qf2+ 
81.Kg5 Qxf5+ 82.Kh6 Qxh3+ 83.Kg7 Qg2+ 84.Kf7 b2 85.Qb1 Qd2 86.Qa2 Qc2 87.
Kxe6 b1=Q 88.Qa8 e3 89.Kd7 e2 0-1

[Event "56th World U20 ch"]
[Site "Tarvisio ITA"]
[Date "2017.11.25"]
[Round "11.21"]
[White "Yuffa, Daniil"]
[Black "Saiyn, Zhanat"]
[Result "1/2-1/2"]
[WhiteElo "2527"]
[BlackElo "2374"]
[EventDate "2017.11.13"]
[PlyCount "66"]

1.g3 Nf6 2.Bg2 e5 3.c4 d5 4.cxd5 Nxd5 5.Nc3 Nb6 6.d3 Be7 7.Be3 O-O 8.Rc1 
Re8 9.a3 Bf8 10.h4 Nc6 11.Ne4 Be6 12.h5 h6 13.Nf3 Bg4 14.Rh4 Be6 15.Nc5 
Bxc5 16.Rxc5 Nd5 17.Bd2 Qd6 18.Qc2 Rad8 19.b4 Kh7 20.Re4 Nf6 21.Rh4 a6 22.
a4 Bg4 23.Nh2 Bd7 24.Nf1 Nd4 25.Bxb7 Bxa4 26.Ne3 Nb3 27.Qc4 Qb6 28.Rxc7 
Nxd2 29.Kxd2 e4 30.Rxf7 exd3 31.exd3 Bb5 32.Qc7 Rxd3+ 33.Kc1 Rexe3 1/2-1/2

[Event "56th World U20 ch"]
[Site "Tarvisio ITA"]
[Date "2017.11.25"]
[Round "11.22"]
[White "Harsha, Bharathakoti"]
[Black "Gholami, Aryan"]
[Result "1/2-1/2"]
[WhiteElo "2445"]
[BlackElo "2483"]
[EventDate "2017.11.13"]
[PlyCount "72"]

1.Nf3 Nf6 2.c4 g6 3.Nc3 d5 4.cxd5 Nxd5 5.Qc2 Nb6 6.e4 Bg7 7.d4 O-O 8.Be3 
Nc6 9.d5 Na5 10.Rd1 Bg4 11.Be2 Qc8 12.O-O c6 13.Bd4 cxd5 14.Bxg7 Kxg7 15.
exd5 Rd8 16.Qe4 Qf5 17.Qd4+ e5 18.Nxe5 Bxe2 19.Nd7+ f6 20.Nxb6 Bxf1 21.
Nxa8 Bxg2 22.Kxg2 Rxa8 23.Re1 Rc8 24.Re7+ Kg8 25.Qh4 h5 26.Qe4 Qxe4+ 27.
Nxe4 f5 28.Nf6+ Kf8 29.Rh7 Rc2 30.Nd7+ Kg8 31.Nf6+ Kf8 32.d6 Rd2 33.Nd7+ 
Kg8 34.Nf6+ Kf8 35.Nd7+ Kg8 36.Nf6+ Kf8 1/2-1/2

[Event "56th World U20 ch"]
[Site "Tarvisio ITA"]
[Date "2017.11.25"]
[Round "11.23"]
[White "Bellahcene, Bilel"]
[Black "Villegas, Franco"]
[Result "1/2-1/2"]
[WhiteElo "2510"]
[BlackElo "2328"]
[EventDate "2017.11.13"]
[PlyCount "94"]

1.e4 c5 2.Be2 Nc6 3.f4 d6 4.Nf3 Nf6 5.d3 e5 6.O-O Be7 7.h3 Nh5 8.Nxe5 dxe5
9.Bxh5 exf4 10.Nc3 g5 11.Nd5 Bd6 12.a3 Be5 13.Rb1 Be6 14.b4 cxb4 15.axb4 
Bxd5 16.exd5 Ne7 17.Qe2 Bd4+ 18.Kh1 O-O 19.Qg4 Ng6 20.h4 h6 21.Bxg6 fxg6 
22.c4 Rf5 23.h5 Qf6 24.hxg6 Re8 25.Bd2 Kg7 26.Rbe1 h5 27.Qh3 g4 28.Qh2 f3 
29.gxf3 Rxf3 30.Rxf3 Qxf3+ 31.Qg2 Rf8 32.Qxf3 Rxf3 33.Re4 Bf6 34.Be3 Kxg6 
35.c5 Kf5 36.c6 bxc6 37.dxc6 Be5 38.Bd4 Bd6 39.Bxa7 Rxd3 40.Rc4 Rd1+ 41.
Bg1 Bc7 42.Rc5+ Kg6 43.Rc4 g3 44.Kg2 Rd2+ 45.Kh3 Rd1 46.Kg2 Rd2+ 47.Kh3 
Rd1 1/2-1/2

[Event "56th World U20 ch"]
[Site "Tarvisio ITA"]
[Date "2017.11.25"]
[Round "11.24"]
[White "Acosta, Pablo Ismael"]
[Black "Pichot, Alan"]
[Result "0-1"]
[WhiteElo "2402"]
[BlackElo "2568"]
[EventDate "2017.11.13"]
[PlyCount "44"]

1.Nf3 Nf6 2.g3 g6 3.b3 Bg7 4.Bb2 c5 5.c4 d6 6.Bg2 e5 7.O-O O-O 8.Nc3 Nc6 
9.e3 Re8 10.h3 h6 11.Ne1 Be6 12.Nd5 Rb8 13.Nc2 Qd7 14.Kh2 Nh7 15.d4 f5 16.
Nc3 exd4 17.Bxc6 bxc6 18.exd4 cxd4 19.Nxd4 Bxc4 20.bxc4 Rxb2 21.Qd3 Ng5 
22.Nb3 f4 0-1

[Event "56th World U20 ch"]
[Site "Tarvisio ITA"]
[Date "2017.11.25"]
[Round "11.25"]
[White "Sanal, Vahap"]
[Black "Makhnev, Denis"]
[Result "1/2-1/2"]
[WhiteElo "2557"]
[BlackElo "2379"]
[EventDate "2017.11.13"]
[PlyCount "62"]

1.c4 Nf6 2.g3 c6 3.Bg2 d5 4.b3 dxc4 5.bxc4 Qd4 6.Nc3 Qxc4 7.Nf3 g6 8.a4 
Bg7 9.Ba3 Nd5 10.Nxd5 Qxd5 11.Rb1 a5 12.O-O Na6 13.d4 Nb4 14.Ne5 Qd8 15.
Nc4 Qxd4 16.Qb3 Be6 17.Rfc1 O-O 18.Bxb4 axb4 19.Qxb4 Ra7 20.a5 Bxc4 21.
Rxc4 Qd8 22.h4 e6 23.Bf3 Be5 24.h5 Qxa5 25.Qxa5 Rxa5 26.hxg6 hxg6 27.Rxb7 
c5 28.Kg2 Rb8 29.Rd7 Rb4 30.Rc2 c4 31.Rd8+ Kg7 1/2-1/2

[Event "56th World U20 ch"]
[Site "Tarvisio ITA"]
[Date "2017.11.25"]
[Round "11.26"]
[White "Percivaldi, Martin"]
[Black "Harutiunian, Tigran"]
[Result "0-1"]
[WhiteElo "2388"]
[BlackElo "2508"]
[EventDate "2017.11.13"]
[PlyCount "76"]

1.d4 Nf6 2.c4 e6 3.Nf3 d5 4.g3 Bb4+ 5.Bd2 Be7 6.Bg2 O-O 7.O-O c6 8.Qc2 b6 
9.b3 Nbd7 10.Rd1 Ba6 11.a4 Qc8 12.a5 Qb7 13.Qa2 Ne4 14.Be1 b5 15.Nfd2 bxc4
16.bxc4 Nd6 17.Na3 Rab8 18.e4 Nxe4 19.Nxe4 dxe4 20.Rab1 Qc7 21.Bxe4 Nf6 
22.Bd3 Rxb1 23.Nxb1 Rd8 24.Be2 c5 25.dxc5 Rxd1 26.Bxd1 Bxc5 27.Be2 h5 28.
Nd2 h4 29.Kf1 h3 30.Qb3 Bb7 31.Bf3 Bxf3 32.Nxf3 Qc6 33.Qd3 Ng4 34.Ng5 f5 
35.Nxh3 Ne5 36.Qe2 Nf3 37.Nf4 Nd4 38.Nd3 Nxe2 0-1

[Event "56th World U20 ch"]
[Site "Tarvisio ITA"]
[Date "2017.11.25"]
[Round "11.27"]
[White "Sidhant, Mohapatra"]
[Black "Li Di"]
[Result "1/2-1/2"]
[WhiteElo "2371"]
[BlackElo "2479"]
[EventDate "2017.11.13"]
[PlyCount "37"]

1.c4 e6 2.g3 d5 3.Bg2 Nf6 4.Nf3 dxc4 5.O-O Nbd7 6.Qc2 Rb8 7.a4 a6 8.a5 b5 
9.axb6 cxb6 10.Qxc4 b5 11.Qb3 Bb7 12.d4 Bd6 13.Bd2 Qe7 14.Ba5 Bd5 15.Qd3 
Be4 16.Qb3 Bd5 17.Qd3 Be4 18.Qb3 Bd5 19.Qd3 1/2-1/2